Enfoques sobre demanda de trabajo: relevancia para América Latina

Saved in:
Bibliografiske detaljer
Hovedforfatter: Meller Bock, Patricio (autor)
Corporate Authors: CIEPLA (Author), Corporación de Investigaciones Económicas para Latinoamérica (Author)
Format: Bog
Sprog:spansk
Udgivet: Santiago CIEPLAN 1978
Serier:Estudios CIEPLAN, 24
Fag:
Tags: Tilføj Tag
Ingen Tags, Vær først til at tagge denne postø!

MARC

LEADER 00000nam a2200000 a 4500
001 UCR9406
003 CL-VaPUC
005 20220930074237.0
008 980613e19780600CL |||||||||||||||||spa|d
999 |c 270604  |d 270602 
040 |c Pontificia Universidad Católica de Valparaíso 
082 0 4 |a 331.098  |b MEL  |2 21 
100 |a Meller Bock, Patricio  |e autor  |9 603136 
110 2 |a CIEPLA  |e author  |9 411916 
245 1 0 |a Enfoques sobre demanda de trabajo: relevancia para América Latina 
260 |a Santiago  |b CIEPLAN  |c 1978 
300 |a 53 p 
490 0 |a Estudios CIEPLAN, 24 
583 |a last modification  |c 19980613 00:00:00  |k Rodrigo Vera 
650 0 |a Empleo  |9 339124 
650 7 |a FUERZA DE TRABAJO  |2 CL-VaPUC  |9 358015 
650 0 |a Crecimiento económico   |9 314037 
650 7 |a ECONOMIA DEL TRABAJO  |2 CL-VaPUC  |9 320317 
651 0 |a América Latina   |9 255027 
710 2 |a Corporación de Investigaciones Económicas para Latinoamérica  |e author  |9 411917 
942 |c BK  |2 ddc 
945 |d 19980613 00:00:00  |a crobeson 
952 |0 0  |1 0  |4 0  |6 331_098000000000000_MEL_1978  |7 0  |8 A  |9 304939  |a BIBENE  |b BIBENE  |d 2019-11-20  |i 1411926  |o 331.098 MEL 1978  |p 1411926  |r 2025-01-15  |w 2019-11-20  |y BK  |k ICO 
952 |0 0  |1 0  |4 0  |6 331_098000000000000_MEL_1978  |7 0  |8 A  |9 304940  |a BIBENE  |b BIBENE  |d 2019-11-20  |i 1411934  |o 331.098 MEL 1978  |p 1411934  |r 2025-01-15  |w 2019-11-20  |y BK  |k ICO